000
00310nam a22001337a 4500
003
SGT
082
_a
611
_b
H09A
100
_a
KUMAR, ABHIMANYU
245
_a
AYURVEDIC CONCEPTS OF HUMAN EMBRYOLOGY
260
_a
VARANASI
_b
CHAUKHAMBHA PUB
_c
2009
300
_a
82
650
_a
HUMAN EMBRYOLOGY
942
_2
ddc
_c
BK
_0
5
999
_c
8687
_d
8687